01001nam a2200193Ia 4500001000900000003001000009008004100019040002500060041001300085100003800098245010700136250001100243260006400254300002800318500016600346501011400512520016600626650001500792L110-768IT-CnALBA170116s9999||||xx |||||||||||||| ||und|| aIT-CnALBAcIT-CnALBA aITALIANO aFARGES ALBERTO, PRETE S. SULPIZIO 0aL'IDEA DEL CONTINUO NELLO SPAZIO E NEL TEMPO. CONFUTAZIONE DEL KANTISMO DEL DINAMISMO E DEL REALISMO.  a6a ed. a SIENAbBERNARDINO S. TIP. ED. PONT. c1904 [1° Ed.: n.d.] a260 p. (prefazione: 18) aOGGETTIVITA' DELLO SPAZIO E TEMPO. NATURA DELLA QUANTITA'. NATURA DEL CONTINUO NEL TEMPO. CONFRONTO TRA FILOSOFIA SCOLASTICA E KANTIANA. BIBLIOTECA CAN. CHIESA.  aSocietà San Paolo EM - Piazza San Paolo, 14 - 12051 ALBA (CN) (non commercial uses only) ® Copyright 2017 aOGGETTIVITA' DELLO SPAZIO E TEMPO. NATURA DELLA QUANTITA'. NATURA DEL CONTINUO NEL TEMPO. CONFRONTO TRA FILOSOFIA SCOLASTICA E KANTIANA. BIBLIOTECA CAN. CHIESA.  aMETAFISICA